Normal view
MARC view
- المجلس الاقتصادي والاجتماعي الأردني
Entry Personal Name
001 - CONTROL NUMBER
- control field: 51183
003 - CONTROL NUMBER IDENTIFIER
- control field: JO-AjAnu
005 - DATE AND TIME OF LATEST TRANSACTION
- control field: 20230606082424.0
008 - FIXED-LENGTH DATA ELEMENTS
- fixed length control field: 230606|| aca||aabn | a|a d
040 ## - CATALOGING SOURCE
- Original cataloging agency: JO-AjAnu
- Transcribing agency: JO-AjAnu
100 ## - HEADING--PERSONAL NAME
- Personal name: المجلس الاقتصادي والاجتماعي الأردني
670 ## - SOURCE DATA FOUND
- Source citation: Work cat.: (JO-AjAnu)26160: المجلس الاقتصادي والاجتماعي الأردني, author, المجلس الاقتصادي والاجتماعي الأردني: التقرير الاقتصادي والاجتماعي 2013